000 003170000a22001450004500
001 005759
003 MACL
040 _aMACL
090 _c12931
_d12930
245 _aQissa Mah e Ramzaan
_bKhan Abdullah
260 _aMatba Anwar e Mohammadi Delhi
350 _a0.06
650 _aUrdu Literature
942 _k891
_cBook
999 _c12858
_d12858